CINDERELLA & friends [

Bibliographic Details
Format: Book
Published: Malaysia : Far East Pictures , 19_
Subjects:

MARC

LEADER 00000cam a2200000 7i4500
001 0000000361
002 000000437
005 20000330.0
020 |a 000000437 
090 0 0 |a JF   |b CIN 
245 0 0 |a CINDERELLA & friends [  |h videorecording] 
260 |a Malaysia :   |b Far East Pictures ,   |c 19_ 
300 |a 1 videocassette VHS (60:00 min) :   |b Col.(PAL) 
650 0 0 |a Humourous fiction   |x cartoons and caricatures 
999 |a PV0060   |b VIDEO   |c JUNIOR REFERENCE   |e PERPUSTAKAAN KOMUNITI PETALING JAYA